Home Print Resources E-Books E-Journals IIMT Lecture Series Library Membership Form Book Recommendation Form Campus Tour Take AdmissionAbout Us Contact Us

INDUSTRIAL PHARMACY-I (Record no. 58526)

000 -LEADER
fixed length control field 00388nam a22001577a 4500
003 - CONTROL NUMBER IDENTIFIER
control field OSt
005 - DATE AND TIME OF LATEST TRANSACTION
control field 20240311121504.0
008 - FIXED-LENGTH DATA ELEMENTS--GENERAL INFORMATION
fixed length control field 240311b |||||||| |||| 00| 0 eng d
020 ## - INTERNATIONAL STANDARD BOOK NUMBER
International Standard Book Number 9789389108743
040 ## - CATALOGING SOURCE
Transcribing agency IIMT COLLEGE OF PHARMACY GREATER NOIDA
100 ## - MAIN ENTRY--PERSONAL NAME
Personal name SAMPATH, K.P.
245 ## - TITLE STATEMENT
Title INDUSTRIAL PHARMACY-I
260 ## - PUBLICATION, DISTRIBUTION, ETC.
Place of publication, distribution, etc. PUNE
Name of publisher, distributor, etc. NIRALI
Date of publication, distribution, etc. 2022
300 ## - PHYSICAL DESCRIPTION
Extent 194
942 ## - ADDED ENTRY ELEMENTS (KOHA)
Source of classification or shelving scheme
Koha item type Text-Book- for 7 days
Holdings
Withdrawn status Lost status Source of classification or shelving scheme Damaged status Not for loan Home library Current library Date acquired Source of acquisition Cost, normal purchase price Inventory number Total Checkouts Barcode Date last seen Price effective from Koha item type
          NOIDA IIMT COLLEGE OF D-PHARMA NOIDA IIMT COLLEGE OF D-PHARMA 03/11/2024 ARISTA 250.00 HO/IN/116 - 02/02/2024   26-B-1514 03/11/2024 03/11/2024 Text-Book- for 7 days
          NOIDA IIMT COLLEGE OF D-PHARMA NOIDA IIMT COLLEGE OF D-PHARMA 03/11/2024 ARISTA 250.00 HO/IN/116 - 02/02/2024   26-B-1515 03/11/2024 03/11/2024 Text-Book- for 7 days
IIMT, Central Library. All Rights Reserved IIMT,UNIVERSITY © 2023
Implemented and Customised by I CLOUDE EMS
You Are OPAC Visitor No
free web counter

Powered by Koha